| 000 | 01439nac a22003731u 4500 | ||
|---|---|---|---|
| 999 |
_c7113 _d7113 |
||
| 003 | EG-ScBUE | ||
| 005 | 20210308103839.0 | ||
| 008 | 200219s2006 xxk f b 001 0deng d | ||
| 020 | _a9780521547598 (pbk.) | ||
| 020 | _a0521547598 (pbk.) | ||
| 035 | _a(OCoLC)ocm71825712 | ||
| 035 | _a(OCoLC)71825712 | ||
| 040 |
_aEG-ScBUE _beng _erda _cEG-ScBUE _dEG-ScBUE |
||
| 082 | 0 | 4 |
_a821.912 _bCOO _222 |
| 100 | 1 |
_aCooper, John Xiros, _eauthor. |
|
| 245 | 1 | 4 |
_aThe Cambridge introduction to T.S. Eliot / _cJohn Xiros Cooper. |
| 264 | 1 |
_aCambridge : _bCambridge University Press, _c2006. |
|
| 300 |
_axi, 129 pages ; _c23 cm. |
||
| 336 |
_2rdacontent _atext _btxt |
||
| 337 |
_2rdamedia _aunmediated _bn |
||
| 338 |
_2rdacarrier _avolume _bnc |
||
| 490 | 0 | _aCambridge introductions to literature | |
| 500 | _adistributed by: Al-Ahram | ||
| 504 | _aIncludes bibliographical references and index. | ||
| 600 | 1 | 7 |
_aEliot, T. S. _d1888-1965 _xCriticism and interpretation. _2BUEsh |
| 650 | _2BUEsh | ||
| 651 | _2BUEsh | ||
| 653 | _bHHUUEENN | ||
| 655 |
_vReading book _934232 |
||
| 856 | 4 | 2 |
_3Publisher description _uhttp://www.loc.gov/catdir/enhancements/fy0667/2007270842-d.html |
| 856 | 4 | 2 |
_3Table of contents only _uhttp://www.loc.gov/catdir/enhancements/fy0667/2007270842-t.html |
| 856 | 4 | 2 |
_3Contributor biographical information _uhttp://www.loc.gov/catdir/enhancements/fy0733/2007270842-b.html |
| 942 |
_cBB _k821.912COO _2ddc |
||